<?xml version="1.0" encoding="UTF-8"?>
<marc:record xmlns:marc="http://www.loc.gov/MARC21/slim">
   <marc:leader>00000nam a2200000 a 4500</marc:leader>
   <marc:datafield ind1="1" ind2=" " tag="100">
      <marc:subfield code="a">Barton, Suzanne</marc:subfield>
      <marc:subfield code="4">aut</marc:subfield>
      <marc:subfield code="e">Verfasser/-in</marc:subfield>
   </marc:datafield>
   <marc:datafield ind1=" " ind2=" " tag="653">
      <marc:subfield code="a">Bilderbuch</marc:subfield>
   </marc:datafield>
   <marc:datafield ind1=" " ind2=" " tag="653">
      <marc:subfield code="a">Wunscherfüllung</marc:subfield>
   </marc:datafield>
   <marc:datafield ind1=" " ind2=" " tag="653">
      <marc:subfield code="a">Nachtigall</marc:subfield>
   </marc:datafield>
   <marc:datafield ind1=" " ind2=" " tag="653">
      <marc:subfield code="a">Verschiedenheit</marc:subfield>
   </marc:datafield>
   <marc:datafield ind1="0" ind2="0" tag="245">
      <marc:subfield code="a">Carusos Lied</marc:subfield>
   </marc:datafield>
   <marc:datafield ind1="0" ind2="0" tag="245">
      <marc:subfield code="b">Du bist gut, so wie du bist</marc:subfield>
   </marc:datafield>
   <marc:datafield ind1="0" ind2="0" tag="245">
      <marc:subfield code="c">Suzanne Barton. [Dt. Text von Hanna Schmitz]</marc:subfield>
   </marc:datafield>
   <marc:datafield ind1=" " ind2="1" tag="264">
      <marc:subfield code="a">Münster</marc:subfield>
      <marc:subfield code="b">Coppenrath</marc:subfield>
      <marc:subfield code="c">2015</marc:subfield>
   </marc:datafield>
   <marc:datafield ind1="1" ind2=" " tag="520">
      <marc:subfield code="a">Der kleine Vogel Caruso ist fasziniert von einem wunderschönen Gesang. Er folgt dem Gezwitscher und landet bei einem Vogelchor, dem Morgensonnen-Chor. Caruso ist begeistert und möchte gern mitsingen. Um tags darauf beim Vorsingen richtig gut zu sein, übt er am Abend, bis er vor Müdigkeit einschläft. Die Folge ist, dass er am Morgen verschläft und zu spät kommt. Um nicht noch einmal zu verschlafen, bleibt er nun die ganze Nacht über wach, bekommt aber in der Früh keinen Ton heraus. Enttäuscht fliegt er zurück zu seinem Baum und singt dort für sich allein, bis sich ein anderer Vogel zu ihm gesellt, der singt wie er. Von ihm erfährt Caruso, dass er eine Nachtigall ist und somit nicht am Morgen, sondern am Abend ein hervorragender Sänger ist. Die unaufdringlich vermittelte Botschaft des Untertitels "Du bist gut, so wie du bist!" können schon kleinere Kinder verstehen. Die schlichten, aber farbenfrohen Illustrationen - Cutouts in Kombination mit Farbzeichnungen - unterstreichen den zurückhaltenden, eigenständigen Charakter des Bandes. Gern empfohlen. Ab 3</marc:subfield>
   </marc:datafield>
   <marc:datafield ind1=" " ind2=" " tag="020">
      <marc:subfield code="a">9783649620198</marc:subfield>
      <marc:subfield code="9">9783649620198</marc:subfield>
   </marc:datafield>
   <marc:datafield ind1=" " ind2=" " tag="041">
      <marc:subfield code="a">ger</marc:subfield>
   </marc:datafield>
   <marc:datafield ind1=" " ind2=" " tag="300">
      <marc:subfield code="a">[13] Bl.</marc:subfield>
   </marc:datafield>
</marc:record>
